Online katalóg knižníc regiónu Turca

Čierna schránka (Record no. 22830)

MARC details
000 -LEADER
fixed length control field 01060cam a2200385 a 4500
001 - CONTROL NUMBER
control field 22830
003 - CONTROL NUMBER IDENTIFIER
control field SK-KTurca
005 - DATE AND TIME OF LATEST TRANSACTION
control field 20260429101736.0
008 - FIXED-LENGTH DATA ELEMENTS--GENERAL INFORMATION
fixed length control field 141125s2014 xo g 000 f slo d
015 ## - NATIONAL BIBLIOGRAPHY NUMBER
National bibliography number SNBA2014/10
020 ## - INTERNATIONAL STANDARD BOOK NUMBER
International Standard Book Number 9788055139418 (brož.)
035 ## - SYSTEM CONTROL NUMBER
System control number a000519800
040 ## - CATALOGING SOURCE
Original cataloging agency PPPK
Language of cataloging slo
Transcribing agency UKB
Modifying agency SNK
Description conventions AACR2
041 0# - LANGUAGE CODE
Language code of text/sound track or separate title slo
044 ## - COUNTRY OF PUBLISHING/PRODUCING ENTITY CODE
MARC country code xo
ISO country code SK
072 #7 - SUBJECT CATEGORY CODE
Subject category code 821.162.4-3
Subject category code subdivision Slovenská próza
Source konspekt
072 #7 - SUBJECT CATEGORY CODE
Subject category code 821-93
Subject category code subdivision Literatúra pre deti a mládež (beletria)
Source konspekt
080 ## - UNIVERSAL DECIMAL CLASSIFICATION NUMBER
Universal Decimal Classification number 821.162.4-31
Edition identifier 2004
080 ## - UNIVERSAL DECIMAL CLASSIFICATION NUMBER
Universal Decimal Classification number (0:82-312.9)
Edition identifier 2004
080 ## - UNIVERSAL DECIMAL CLASSIFICATION NUMBER
Universal Decimal Classification number 821-93
Edition identifier 2004
100 1# - MAIN ENTRY--PERSONAL NAME
Personal name Protušová, Nina,
Dates associated with a name 1995-
245 10 - TITLE STATEMENT
Title Čierna schránka
Statement of responsibility, etc. Nina Protušová
250 ## - EDITION STATEMENT
Edition statement 1. vyd.
260 ## - PUBLICATION, DISTRIBUTION, ETC.
Place of publication, distribution, etc. Bratislava
Name of publisher, distributor, etc. Ikar
Date of publication, distribution, etc. 2014
300 ## - PHYSICAL DESCRIPTION
Extent 319, [1] s.
490 1# - SERIES STATEMENT
Series statement Yoli
653 ## - INDEX TERM--UNCONTROLLED
Uncontrolled term 821.162.4-31
653 ## - INDEX TERM--UNCONTROLLED
Uncontrolled term 821-93
653 ## - INDEX TERM--UNCONTROLLED
Uncontrolled term (0:82-312.9)
655 #7 - INDEX TERM--GENRE/FORM
Genre/form data or focus term slovenské romány
Source of term UKBPH
655 #7 - INDEX TERM--GENRE/FORM
Genre/form data or focus term fantazijné romány
Source of term UKBPH
655 #7 - INDEX TERM--GENRE/FORM
Genre/form data or focus term publikácie pre mládež
Source of term UKBPH
830 #0 - SERIES ADDED ENTRY--UNIFORM TITLE
Uniform title Yoli
942 ## - ADDED ENTRY ELEMENTS (KOHA)
Source of classification or shelving scheme Dewey Decimal Classification
Koha item type Krásna literatúra pre dospelých
Suppress in OPAC No
Holdings
Stav vyradenia Strata Poškodenie Spôsob nadobudnutia Domovská knižnica Aktuálna knižnica Dátum nadobudnutia Total checkouts Čiarový kód exemplára Date last seen Typ exemplára
      Dar Obecná knižnica Turčianska Štiavnička Obecná knižnica Turčianska Štiavnička 29.04.2026   4738001075 29.04.2026 Krásna literatúra pre dospelých
Projekt je podporený Slovenskou asociáciou knižníc
Prevádzkuje Turčianska knižnica Martin 2026